Welcome to the Holygrace Academy Library

Please use search bar below to get started

TIME FOR BED, SPOT (Record no. 2638)

MARC details
000 -LEADER
fixed length control field 00288nam a22001337a 4500
020 ## - INTERNATIONAL STANDARD BOOK NUMBER
ISBN 978-1-8442-2405-0
082 ## - DEWEY DECIMAL CLASSIFICATION NUMBER
Classification number 823
Item number HIL/T
100 ## - MAIN ENTRY--AUTHOR NAME
Personal name HILL, ERIC
245 ## - TITLE STATEMENT
Title TIME FOR BED, SPOT
260 ## - PUBLICATION, DISTRIBUTION, ETC. (IMPRINT)
Place of publication LINDON
Name of publisher LADY BIRD
300 ## - PHYSICAL DESCRIPTION
Number of Pages 29
650 ## - SUBJECT ADDED ENTRY--TOPICAL TERM
Topical Term ENGLISH SHORT STORY
Geographic subdivision UK
942 ## - ADDED ENTRY ELEMENTS (KOHA)
Koha item type Books
Holdings
Withdrawn status Lost status Collection code Home library Current library Shelving location Date acquired Source of acquisition Full call number Accession Number Koha item type
    Fiction Main Library Main Library SHELF 3- C- LADY BIRD STORY BOOKS 19/03/2015 PURCHASE 823 HIL/T 09218 Books
    Fiction Main Library Main Library SHELF 3- C- LADY BIRD STORY BOOKS 08/04/2014 PURCHASE 823 HIL/T 08504 Books